| 000 | 00379nam a2200145Ia 4500 | ||
|---|---|---|---|
| 008 | 230917s9999||||xx |||||||||||||| ||und|| | ||
| 040 |
_e58493 _aMAIN |
||
| 041 | _aEnglish | ||
| 082 | _a330.9624 L51E | ||
| 100 | _aLees, Francis A | ||
| 245 | 4 | _aThe economic and political development of the Sudan | |
| 260 |
_aLondon _bMacmillan _c1977 |
||
| 300 | _axii, 172 p. | ||
| 942 | _cBK | ||
| 999 |
_c194440 _d194440 |
||